000 00551nam a2200157 4500
001 124103
003 ES-MaACL
005 20230906192325.0
007 t|
008 070214s1944 ag r ||||1| spa d
100 1 _aRapela, Carlos E.
_995451
245 1 0 _aRelación de la glándula suprarrenal con el timo
_b: acción del acetato de desoxicorticosterona sobre las glándulas suprarrenales /
_cCarlos E. Rapela.
260 _aBuenos Aires :
_bEl Ateneo,
_c1944.
300 _a152 p., 2 lám. :
_bil. ;
_c27 cm.
852 _aES-MaACL
_jE-142
_bR.22123
999 _c124103
_d124103